Buying is 16% cheaper than renting (Record no. 83741)
[ view plain ]
| 000 -LEADER | |
|---|---|
| fixed length control field | 00870cad a22002055a 4500 |
| 001 - CONTROL NUMBER | |
| control field | L154897 |
| 008 - FIXED-LENGTH DATA ELEMENTS--GENERAL INFORMATION | |
| fixed length control field | 120130e20120128xxk 000 0 eng d |
| 035 ## - SYSTEM CONTROL NUMBER | |
| System control number | (Sirsi) u154897 |
| 041 0# - LANGUAGE CODE | |
| Language code of text/sound track or separate title | eng |
| 110 2# - MAIN ENTRY--CORPORATE NAME | |
| Corporate name or jurisdiction name as entry element | Halifax |
| 9 (RLIN) | 5942 |
| 245 00 - TITLE STATEMENT | |
| Title | Buying is 16% cheaper than renting |
| Medium | [electronic resource] |
| 260 ## - PUBLICATION, DISTRIBUTION, ETC. | |
| Date of publication, distribution, etc. | 2011 |
| 490 ## - SERIES STATEMENT | |
| Series statement | Halifax Press Release |
| Volume/sequential designation | 28 January 2012 |
| 520 ## - SUMMARY, ETC. | |
| Summary, etc. | Halifax Buying v Renting Review based on the costs of an average three bedroom property, reveals that it is cheaper to purchase than rent a residential property in the private rented sector by approximately £100 per month. |
| 590 ## - LOCAL NOTE (RLIN) | |
| Local note | KA |
| 651 #4 - SUBJECT ADDED ENTRY--GEOGRAPHIC NAME | |
| Geographic name | United Kingdom |
| Chronological subdivision | |
| 690 ## - LOCAL SUBJECT ADDED ENTRY--TOPICAL TERM (OCLC, RLIN) | |
| Topical term or geographic name as entry element | Residential property |
| 9 (RLIN) | 6266 |
| 856 40 - ELECTRONIC LOCATION AND ACCESS | |
| Uniform Resource Identifier | <a href="https://www.lloydsbankinggroup.com/media/pdfs/halifax/2012/2801Buying_renting.pdfzView this item free of charge at www.loydsbankinggroup.com">https://www.lloydsbankinggroup.com/media/pdfs/halifax/2012/2801Buying_renting.pdfzView this item free of charge at www.loydsbankinggroup.com</a> |
| 942 ## - ADDED ENTRY ELEMENTS (KOHA) | |
| Suppress in OPAC | 0 |
| Withdrawn status | Lost status | Source of classification or shelving scheme | Damaged status | Not for loan | Home library | Current library | Shelving location | Date acquired | Total Checkouts | Full call number | Barcode | Date last seen | Copy number | Price effective from | Koha item type |
|---|---|---|---|---|---|---|---|---|---|---|---|---|---|---|---|
| Dewey Decimal Classification | Virtual | Virtual | Online | 30/01/2012 | ONLINE PUBLICATION | 154897-2001 | 06/08/2019 | 1 | 06/08/2019 | Journal article |